000 00301nam a22001217a 4500
999 _c162571
_d162571
082 _a
_b
100 _aSasidharan
245 _aMalayalam sahithya vividh adhyayam/
_cby Sasidharan.
260 _a New Delhi:
_b Jawaharlal Nehru Memorial Fund,
_c2008.
300 _a128p.
650 _a
942 _cBK